Statistics for Guess the Billie Eilish's song by the lyrics! 2

Click here to take the quiz!

General Stats

  • This quiz has been taken 628 times
  • The average score is 109 of 189

Answer Stats

Answer% Correct
I
99%
you
97%
a
95%
me
84%
The
84%
the
84%
don't
80%
be
79%
love
77%
to
77%
Where
71%
where
71%
and
70%
go?
70%
my
69%
wanna
69%
your
69%
did
65%
know
65%
So
65%
so
65%
I'm
64%
not
62%
but
56%
They
55%
it's
54%
can't
53%
If
52%
if
52%
like
52%
should
52%
lie
49%
you're
48%
way
47%
just
46%
maybe
46%
Told
46%
too
46%
at
45%
had
45%
by
44%
get
44%
home
43%
never
43%
tell
43%
worry
43%
cold
42%
lonely
42%
up
42%
Was
42%
I've
41%
that's
41%
cause
40%
eyes
39%
friends
39%
night
39%
bury
38%
Hurry
38%
hurry?
38%
come
37%
show
37%
stay
37%
Won't
37%
gonna
36%
keep
36%
now
36%
Said
36%
die
35%
give
35%
I'll
35%
little
35%
what's
35%
blurry
34%
close
34%
couldn't
34%
Honey
34%
or
34%
life
33%
lose
33%
world's
33%
care
32%
even
32%
inside?
32%
Let
32%
ours
32%
someone
32%
worried
32%
another
31%
Remember
31%
stars
31%
They're
31%
wanted
30%
day
29%
might
29%
break
28%
mistake
27%
you'll
27%
met
26%
protect
25%
tried
25%
upset
24%
rescue
23%
you'd
23%
hoping
18%

Score Distribution

Percentile by Number Answered

Percent of People with Each Score

Your Score History

You have not taken this quiz